Normal view
MARC view
- Oster, Harry
Entry Personal Name
001 - CONTROL NUMBER
- control field: 153701
003 - CONTROL NUMBER IDENTIFIER
- control field: DLC
005 - DATE AND TIME OF LATEST TRANSACTION
- control field: 20260416094541.0
008 - FIXED-LENGTH DATA ELEMENTS
- fixed length control field: 800820n| azannaabn |n aaa
010 ## - LIBRARY OF CONGRESS CONTROL NUMBER
- LC control number: n 80094456
035 ## - SYSTEM CONTROL NUMBER
- System control number: (OCoLC)oca00475524
040 ## - CATALOGING SOURCE
- Original cataloging agency: DLC
- Language of cataloging: eng
- Description conventions: rda
- Transcribing agency: DLC
- Modifying agency: OCoLC
- Modifying agency: PPi-MA
046 ## - SPECIAL CODED DATES
- Birth date: 19230412
- Death date: 20010119
100 1# - HEADING--PERSONAL NAME
- Personal name: Oster, Harry
370 ## - ASSOCIATED PLACE
- Place of birth: Cambridge (Mass.)
- Place of residence/headquarters: Iowa City (Iowa)
- Associated country: United States
- Source of term: naf
373 ## - ASSOCIATED GROUP
- Associated group: University of Iowa. College of Liberal Arts
- Source of term: naf
- Start period: 1963
- End period: 1993~
374 ## - OCCUPATION
- Occupation: Folklorists
- Occupation: Musicologists
- Occupation: College teachers
- Source of term: lcsh
375 ## - GENDER
- Gender: male
670 ## - SOURCE DATA FOUND
- Source citation: His A sampler of Lousiana folksongs. [Phonodisc] 1957.
670 ## - SOURCE DATA FOUND
- Source citation: Oxford music online, November 12, 2014:
- Information found: Enc. of popular music, 4th ed. (Oster, Harry; born April 12, 1923, Cambridge, Massachusetts, died January 19, 2001, USA; recorded blues singers and instrumentalists between the mid-1950s and the early 1960s; taught American folk music, early country blues, and related subjects at the University of Iowa, College of Liberal Arts and Sciences for 30 years; author of Living country blues, 1969, and The Penguin dictionary of American folklore, 2000)
670 ## - SOURCE DATA FOUND
- Source citation: Wikipedia, November 12, 2014
- Information found: (Harry Oster; Dr. Harry Oster; born April 12, 1923, died January 19, 2001; American folklorist and musicologist; professor at the University of Iowa, College of Liberal Arts and Sciences, from 1963)
670 ## - SOURCE DATA FOUND
- Source citation: Social Security death index, November 12, 2014
- Information found: (Harry Oster; born April 12, 1923, died January 19, 2001; last known residence, Iowa City, Iowa)



